000 00239nam a2200097Ia 4500
008 190216s9999||||xx |||||||||||||| ||und||
100 _aMohan Rakesh
245 0 _aHindi-Andere Bandh Kamare
260 _bMac Millian And Com. Ltd
942 _cBK
999 _c17075
_d17075